书目信息 |
| 题名: |
常见眼病防治
|
|
| 作者: | 张卯年 编著 | |
| 分册: | ||
| 出版信息: | 北京 金盾出版社 2000.01 |
|
| 页数: | 252页 | |
| 开本: | 32开 | |
| 丛书名: | ||
| 单 册: | ||
| 中图分类: | R771-44 | |
| 科图分类: | ||
| 主题词: | 眼病 , 眼前房出血 | |
| 电子资源: | ||
| ISBN: | 7-5082-1020-4 | |
| 000 | 00573nam0 2200205 45 | |
| 001 | 0012141524 | |
| 005 | 20001214155552.5 | |
| 010 | @a7-5082-1020-4@d9.50元 | |
| 100 | @a20001214d2000 km y0chiy0120 ea | |
| 101 | 0 | @achi |
| 105 | @a z 000yy | |
| 200 | 1 | @a常见眼病防治@AChang Jian Yan Bing Fang Zhi@f张卯年编著@FZhang Mao Nian Bian Zhu |
| 210 | @a北京@c金盾出版社@d2000.01 | |
| 215 | @a252页@d32开 | |
| 606 | 0 | @a眼病 |
| 606 | 0 | @a眼前房出血 |
| 690 | @aR771-44@v3 | |
| 701 | 0 | @a张卯年@4编著 |
| 801 | @aCN@bPftUser@c20001214 | |
| 905 | @b313258-262@dR771-44@eZH584@f5 | |
| 常见眼病防治/张卯年编著.-北京:金盾出版社,2000.01 |
| 252页;32开 |
| ISBN 7-5082-1020-4:9.50元 |
| ● |
| 相关链接 |
|
|
|
正题名:常见眼病防治
索取号:R771-44/ZH584
 
预约/预借
| 序号 | 登录号 | 条形码 | 馆藏地/架位号 | 状态 | 备注 |
| 1 | 313258 | 203132582 | 自科库401/ [索取号:R771-44/ZH584] | 在馆 | |
| 2 | 313259 | 203132591 | 市政与环境工程学院资料室/ [索取号:R771-44/ZH584] | 在馆 | |
| 3 | 313260 | 203132608 | 市政与环境工程学院资料室/ [索取号:R771-44/ZH584] | 在馆 | |
| 4 | 313261 | 203132617 | 自科二线504/504自科库 32排4列1层/ [索取号:R771-44/ZH584] | 在馆 | |
| 5 | 313262 | 203132626 | 自科库401/501自科库 23排1列2层/ [索取号:R771-44/ZH584] | 在馆 | |
| 6 | 313358 | 203133581 | 自科库401/401自科库 22排1列1层/ [索取号:R771-44/ZH584] | 在馆 | |
| 7 | 313359 | 203133590 | 自科库401/401自科库 22排1列1层/ [索取号:R771-44/ZH584] | 在馆 |